000 00426nam a2200157Ia 4500
003 GCL
008 140319s9999 xx 000 0 eng d
040 _aGCL /
_cGCL
082 0 4 _a069
_bS A
100 1 _aSEATTLE ART MUSEUM
245 1 0 _aANNUAL REPORT: SEATTLE ART MUSEUM 1961 /
_cSEATTLE ART MUSEUM
260 _a[S.N] :
_bSEATTLE ART MUSEUM ،
_c1965
300 _a80 P
650 0 4 _aSEATTLE ART MUSEUM
942 _2ddc
_cBK
999 _c12111
_d12111